000 00707nam a2200289Ia 4500
005 20260324135831.0
008 008 260324s9999 xx 000 0 eng d
020 _a9780203479582
037 _aEBOOK
040 _aCRL
040 _beng
040 _cCRL
041 _2eng
041 _aeng
084 _qCRL
100 _aGill Jagger; Caroline Wright
_91202094
245 0 _aChanging Family Values
245 0 _bDifference, Diversity and the Decline of Male Order
260 _bTaylor and Francis
260 _c1999
365 _a
365 _b110
856 _uhttp://www.taylorfrancis.com/books/9780203479582
942 _cEBOOK
999 _c1803568
_d1803568